Velká škola vykládání tarotu : staňte se mistry ve vykládání tarotových karet sobě i druhým /

Hlavní autor: Fenton-Smith, Paul
Jazyk: Čeština
Vydáno: [Praha] : Synergie, c2010
Vydání: Vyd. 1.
Témata:
Fyzický popis: 355, [16] s. : il. (některé barev.) ; 24 cm + 78 karet
Knihy
Uloženo v:
LEADER 01639nam a2200445 a 4500
001 nkc20102116655
003 CZ PrNK
005 20101111101855.0
007 ta
008 100722s2010 xr a e f 000 0 cze
015 |a cnb002116655 
020 |a 978-80-7370-019-5  |q (brož.)  |z 978-80-7370-136-9 
035 |a (OCoLC)693924499 
040 |a BOA001  |b cze  |d OLA001  |d ABA001 
041 1 |a cze  |h eng 
072 7 |a 133  |x Ezoterismus. Okultismus  |2 Konspekt  |9 17 
080 |a 133.3:794.43  |2 MRF 
080 |a (035)  |2 MRF 
080 |a (0.026.6)794.43  |2 MRF 
100 1 |a Fenton-Smith, Paul  |7 xx0114204  |4 aut 
245 1 0 |a Velká škola vykládání tarotu :  |b staňte se mistry ve vykládání tarotových karet sobě i druhým /  |c Paul-Fenton Smith ; [z anglického originálu ... přeložila Monika Kittová] 
250 |a Vyd. 1. 
260 |a [Praha] :  |b Synergie,  |c c2010 
300 |a 355, [16] s. :  |b il. (některé barev.) ;  |c 24 cm +  |e 78 karet 
500 |a Pub. i karty uloženy v krabici (25 x 18 x 6 cm) 
500 |a Podnázev na krabici: kniha a 78 karet 
650 0 7 |a tarot  |7 ph116402  |2 czenas 
650 0 7 |a vykládání karet  |7 ph138942  |2 czenas 
650 0 9 |a tarot  |2 eczenas 
650 0 9 |a fortune telling by cards  |2 eczenas 
655 7 |a příručky  |7 fd133209  |2 czenas 
655 7 |a vykládací karty  |7 fd133822  |2 czenas 
655 9 |a handbooks and manuals  |2 eczenas 
655 9 |a fortune telling cards  |2 eczenas 
765 0 |t Tarot master class  |9 Česky 
910 2 |a BOA001  |b Z-1249.040 
928 9 |a Synex SE 
990 |a BK 
995 |a 01 
996 6 |b 2610447515  |c Z-1249.040  |l MZK  |n 0  |p p.v.  |w 001142700  |u 000010  |a 1  |e BOA001  |j MZK50  |s P